000
00449nam a2200145Ia 4500
008
100204s9999 xx 000 0 und d
082
_b
13614
100
_a
शेट््ये चंद्र्रकांत
245
_a
गमत्या
260
_b
चंद्र्रकांत शेटये प्रकाशन
_c
1985
300
_a
116
630
_a
गमत्या
730
_a
गमत्या
942
_c
BOOK
999
_c
458046
_d
458043